Nerina (Record no. 46289)

MARC details
000 -LÍDER
campo de controle de tamanho fixo 00348 a2200169 4500
001 - NÚMERO DE CONTROLE
campo de controle 46289
020 ## - ISBN - INTERNATIONAL STANDARD BOOK NUMBER
ISBN - International Standard Book Number 9788508153961
040 ## - FONTE DA CATALOGAÇÃO
Instituição que transcreveu o registro Anchieta - Aquarius
100 ## - ENTRADA PRINCIPAL--NOME PESSOAL
Nome pessoal Iacocca, Michele
240 10 - TÍTULO UNIFORME
Título uniforme Nerina
Idioma da obra por
245 10 - TÍTULO
Título Nerina
300 ## - DESCRIÇÃO FÍSICA
Extensão 32
362 0# - DATAS DE PUBLICAÇÃO E/OU DESIGNAÇÃO SEQUENCIAL
Datas de publicação e/ou designação sequencial 2012
440 #1 - DECLARAÇÃO DE SÉRIE/ENTRADA ADICIONADA--TÍTULO
Título Ática
650 #4 - ASSUNTO--TERMO TÓPICO
Cabeçalho tópico ou nome geográfico Literatura infanto-juvenil
942 ## - ELEMENTOS DE ENTRADA ADICIONADOS (KOHA)
Tipo de material Koha Livros
Holdings
Situação do descarte Situação das perdas Situação física Não pode ser emprestado Biblioteca de origem Biblioteca atual Data de aquisição Total de empréstimos Número de chamada completo Código de barras Data de último acesso Data do preço efetivo Tipo de material Koha Fonte da classificação ou esquema de arquivamento na estante Devolução em Data do último empréstimo Número do exemplar
        Colégio Anchieta - Aquarius Colégio Anchieta - Aquarius 21/11/2023   028.5 IAC NER 3968/AQU 21/11/2023 21/11/2023 Livros        
        Contemporâneo - Cidade Verde Contemporâneo - Cidade Verde 02/02/2024 2   05559 16/07/2024 02/02/2024 Livros   23/07/2024 16/07/2024 1